Cook it! = A cocinar! / (Record no. 16142)

MARC details
000 -LEADER
fixed length control field 04246cam a2200745Ii 4500
003 - CONTROL NUMBER IDENTIFIER
control field SJDS
005 - DATE AND TIME OF LATEST TRANSACTION
control field 20160925162030.0
008 - FIXED-LENGTH DATA ELEMENTS--GENERAL INFORMATION
fixed length control field 130909s2013 enka j 000 1 eng d
020 ## - INTERNATIONAL STANDARD BOOK NUMBER
International Standard Book Number 9781846435683 (pbk.)
020 ## - INTERNATIONAL STANDARD BOOK NUMBER
International Standard Book Number 1846435684 (pbk.)
035 ## - SYSTEM CONTROL NUMBER
System control number 720580
035 ## - SYSTEM CONTROL NUMBER
System control number (OCoLC)857773128
Canceled/invalid control number (OCoLC)829743570
035 ## - SYSTEM CONTROL NUMBER
System control number 716475
035 ## - SYSTEM CONTROL NUMBER
System control number 720580
035 ## - SYSTEM CONTROL NUMBER
System control number 720580
040 ## - CATALOGING SOURCE
Original cataloging agency PNX
Language of cataloging eng
Description conventions rda
Transcribing agency PNX
Modifying agency OCLCO
-- OCLCQ
-- CWJ
-- BTCTA
-- YDXCP
-- SAP
-- CGP
041 1# - LANGUAGE CODE
Language code of text/sound track or separate title eng
-- spa
Language code of original eng
049 ## - LOCAL HOLDINGS (OCLC)
Holding library IFAA
999 ## - SYSTEM CONTROL NUMBERS (KOHA)
Koha Dewey Subclass [OBSOLETE] ESPANOL PICTURE BOOKS COOK 2013
245 00 - TITLE STATEMENT
Title Cook it! = A cocinar! /
Statement of responsibility, etc. illustrated by Georgie Birkett = ilustrado por Georgie Birkett ; traducido por Teresa Mlawer.
246 31 - VARYING FORM OF TITLE
Title proper/short title A cocinar!
246 30 - VARYING FORM OF TITLE
Title proper/short title Cocinar!
260 ## - PUBLICATION, DISTRIBUTION, ETC. (IMPRINT)
Place of publication, distribution, etc. Swindon
Name of publisher, distributor, etc. Child's Play (International) Ltd,
Date of publication, distribution, etc. [2013]
264 #1 - PRODUCTION, PUBLICATION, DISTRIBUTION, MANUFACTURE, AND COPYRIGHT NOTICE
Place of production, publication, distribution, manufacture Swindon :
Name of producer, publisher, distributor, manufacturer Child's Play (International) Ltd,
Date of production, publication, distribution, manufacture, or copyright notice [2013]
300 ## - PHYSICAL DESCRIPTION
Extent 1 volume (unpaged) :
Other physical details color illustrations ;
Dimensions 21 cm.
336 ## - CONTENT TYPE
Content type term text
Content type code txt
Source rdacontent
336 ## - CONTENT TYPE
Content type term still image
Content type code sti
Source rdacontent
337 ## - MEDIA TYPE
Media type term unmediated
Media type code n
Source rdamedia
338 ## - CARRIER TYPE
Carrier type term volume
Carrier type code nc
Source rdacarrier
490 1# - SERIES STATEMENT
Series statement Helping hands
520 ## - SUMMARY, ETC.
Summary, etc. A girl helps her father shop for groceries and prepare and serve a home-made pizza.
520 ## - SUMMARY, ETC.
Summary, etc. Una ninña ayuda a su padre hacer la compra y preparar y servir una pizza hecha en casa.
650 #0 - SUBJECT ADDED ENTRY--TOPICAL TERM
Topical term or geographic name as entry element Grocery shopping
Form subdivision Juvenile fiction.
650 #0 - SUBJECT ADDED ENTRY--TOPICAL TERM
Topical term or geographic name as entry element Cooking
Form subdivision Juvenile fiction.
650 #0 - SUBJECT ADDED ENTRY--TOPICAL TERM
Topical term or geographic name as entry element Pizza
Form subdivision Juvenile fiction.
650 #0 - SUBJECT ADDED ENTRY--TOPICAL TERM
Topical term or geographic name as entry element Helpfulness
Form subdivision Juvenile fiction.
650 #0 - SUBJECT ADDED ENTRY--TOPICAL TERM
Topical term or geographic name as entry element Fathers and daughters
Form subdivision Juvenile fiction.
650 #0 - SUBJECT ADDED ENTRY--TOPICAL TERM
Topical term or geographic name as entry element Spanish language materials
General subdivision Bilingual
Form subdivision Juvenile literature.
650 #4 - SUBJECT ADDED ENTRY--TOPICAL TERM
Topical term or geographic name as entry element Materiales bilingües en español
Form subdivision Literatura juvenil.
650 #7 - SUBJECT ADDED ENTRY--TOPICAL TERM
Topical term or geographic name as entry element Compras (Mercado)
Form subdivision Novela juvenil.
Source of heading or term bidex
650 #7 - SUBJECT ADDED ENTRY--TOPICAL TERM
Topical term or geographic name as entry element Espíritu de servicio
Form subdivision Novela juvenil.
Source of heading or term bidex
650 #7 - SUBJECT ADDED ENTRY--TOPICAL TERM
Topical term or geographic name as entry element Padres e hijas
Form subdivision Novela juvenil.
Source of heading or term bidex
650 #7 - SUBJECT ADDED ENTRY--TOPICAL TERM
Topical term or geographic name as entry element Cocina
Form subdivision Novela juvenil.
Source of heading or term bidex
700 1# - ADDED ENTRY--PERSONAL NAME
Personal name Birkett, Georgie,
Relator term illustrator.
700 1# - ADDED ENTRY--PERSONAL NAME
Personal name Mlawer, Teresa,
Relator term translator.
710 2# - ADDED ENTRY--CORPORATE NAME
Corporate name or jurisdiction name as entry element Child's Play (Firm),
Relator term editor.
730 02 - ADDED ENTRY--UNIFORM TITLE
Uniform title Cook it!
730 02 - ADDED ENTRY--UNIFORM TITLE
Uniform title Cook it!.
Language of a work Spanish.
830 #0 - SERIES ADDED ENTRY--UNIFORM TITLE
Uniform title Helping hands.
Language of a work Spanish & English.
942 ## - ADDED ENTRY ELEMENTS (KOHA)
Koha item type Libro/Book
Holdings
Withdrawn status Lost status Damaged status Not for loan Home library Current library Date acquired Inventory number Total Checkouts Barcode Date last seen Price effective from Koha item type
        Capulin -- Satellite Capulin -- Satellite 13/09/2016 Inventory date: 7/7/25   35100762 13/09/2016 13/09/2016 Libro/Book

Powered by Koha